[Event "ARG-ch"]
[Site "Buenos Aires"]
[Date "1998.04.29"]
[Round "13"]
[White "Hoffman, Alejandro"]
[Black "Zarnicki, Pablo Adrian"]
[Result "1-0"]
[WhiteElo "2510"]
[BlackElo "2515"]
[Annotator "Atlas,V"]
[PlyCount "53"]
[EventDate "1998.04.15"]
[EventType "tourn"]
[EventRounds "15"]
[EventCountry "ARG"]
[EventCategory "9"]
[SourceTitle "CBM 065"]
[Source "ChessBase"]
[SourceDate "1998.08.06"]
[SourceVersion "1"]
[SourceVersionDate "1998.08.06"]
[SourceQuality "1"]

1. d4 {Baburin} Nf6 2. c4 e6 3. Nf3 b6 4. Nc3 Bb7 5. a3 g6 6. Qc2 Bxf3 7. exf3
Bg7 ({Another popular move is} 7... Nc6 8. Be3 Bg7 9. O-O-O O-O 10. d5 Na5 11.
h4 a6 12. g4 exd5 13. cxd5 b5 14. h5 Re8 15. hxg6 hxg6 16. g5 Nh7 17. f4 {
->Dreev,A-Kortschnoj,V/Yalta rapid 1995/EXP 47 (38)}) 8. Bg5 $1 {Baburin: This
is Dreev´s idea. If Black drives this bishop away with ...h6, White´s chances
for a kingside attack will be better (...h6 loosens Black´s pawn formation on
that wing); if Black avoids this move, there is uunpleasant pin.} ({An good
alternative to the standard continuations.} 8. Be3 O-O 9. g4 d5 10. O-O-O (10.
g5 Ne8 11. cxd5 exd5 12. f4 Nc6 13. Ne2 Ne7 14. Ng3 c5 15. dxc5 d4 16. Bd2 Rc8
17. Bh3 d3 18. Qb3 Rxc5 19. Bb4 Qd5 20. Qxd5 Nxd5 {1/2-1/2 Kozul,Z-Romanishin,
O/Erevan olm 1996/EXT 96ch2 (39)}) 10... c6 11. h4 dxc4 12. Bxc4 Nd5 13. Ne4
Nd7 14. h5 Qc7 15. hxg6 hxg6 16. Bxd5 exd5 17. Nc3 Qd6 18. Qd2 Rfe8 19. Rh3 b5
20. Bh6 Bf6 21. Bg5 Bg7 22. Bh6 Bf6 23. Bg5 Bg7 {1/2-1/2 Huzman,A-Van der Wiel,
J/EU-chTM 1997/EXP 57}) (8. Be2 Nc6 9. Be3 O-O 10. O-O d5 11. Rfd1 Ne7 12. Rac1
c6 13. cxd5 exd5 14. Bd3 Qd6 15. b4 b5 16. a4 a6 17. Qb3 Nh5 18. g3 f5 19. f4
Nf6 20. Ra1 Nd7 21. Ra2 Nb6 {Santa Torres,J-Danielsen,H/Erevan olm 1996/EXT
96ch2/0-1 (58)}) (8. d5 O-O 9. Be2 exd5 10. cxd5 c6 11. dxc6 Nxc6 12. Qa4 a6
13. O-O b5 14. Qh4 Nh5 15. Bg5 Bf6 16. f4 h6 17. Bxf6 Qxf6 18. Qxf6 Nxf6 19.
Rfd1 Rfd8 20. Rd6 Ne8 {1/2-1/2 Lalic,B-Romanishin,O/BL2-W 1996/BL2 (28)}) 8...
O-O ({Baburin: In the game Khalifman-Romanishin, WchT 4th 1997, where the move
8 Bg5 was tested for the first time, White got a big advantage after} 8... c5
$6 9. d5 h6 10. Be3 exd5 11. cxd5 O-O 12. g4 $5 {After the further} d6 13. h4
Nbd7 14. g5 hxg5 15. hxg5 Nh7 16. f4 Re8 $6 17. Bb5 $1 {White obtained a
strategically winning position. That game continued:} Nhf8 18. O-O-O a6 19. Bc6
b5 20. Bxa8 Qxa8 21. Ne4 b4 22. axb4 Qb8 23. f3 $1 cxb4 24. Kb1 b3 25. Qd3 Nc5
26. Bd4 $1 Nxd3 27. Nf6+ Bxf6 28. Bxf6 {and Black resigned.}) 9. O-O-O d5 (9...
c6 {/\d5 deserved serious attention.}) 10. cxd5 (10. h4 $36 {Baburin}) 10...
exd5 11. h4 {Baburin: This is a standard idea for such pawn formations - White
wants to open up the h-file with a further h4-h5, thus launching a dangerous
attack against the opponent´s king.} h6 12. Be3 c6 (12... Nc6 {/\Ne7 was an
option here}) 13. g4 Qd6 14. h5 $1 {[%csl Rf5,Rg6][%cal Gg6g5,Gh5g6,Gc3e2,
Ge2g3,Gg3f5] Forcing Black to advance his g-pawn, creating thereby a hole on
f5. Baburin: This is only one of the attractive ways to conduct the attack,
available for White here.} ({Baburin: Another option, which is also worth
connsidering, is} 14. g5 $5 {After} hxg5 15. hxg5 Nh5 16. Rh4 Nd7 17. f4 {
White´s advantage is apparent, as the knight on h5 has a very shaky position.})
14... g5 15. Ne2 $1 {A thematic maneuver. Transferring his knight to f5, White
obtains a very dangerous attack. Baburin: The knight is heading for an
excellent outpost on f5, which has been created by 14 h4!?.} Rc8 16. Ng3 c5 17.
Nf5 Qe6 $6 ({A dubious decision.} 17... Qf8 {lef Black more defensive chances.}
) 18. Kb1 $1 Nc6 $2 (18... cxd4 $4 {was losing on the spot in view of} 19.
Qxc8+ Qxc8 20. Ne7+) (18... a6 {was to be preferred.}) ({Baburin: After} 18...
c4 19. f4 $1 {Black´s kingside would come under fire and he would not survive
the attack either.}) 19. Ba6 $1 Re8 20. Rhe1 {[%csl Re6][%cal Ge1e6,Ge3g5]}
Nxd4 $4 ({A blunder.} 20... cxd4 {also loses in view of} 21. Nxg7 (21. Bxg5 {
Baburin} Qxe1 22. Bxf6 Bxf6 23. Rxe1 Rxe1+ 24. Ka2) 21... Kxg7 22. Bxg5 $1 Qxe1
23. Bxh6+ $1 Kxh6 24. Qc1+ {The most stubborn comtinuation was 20...Qd7,
although in this case Black chances to save the game are rather minimal.}) 21.
Bxd4 Qxe1 22. Bxf6 $1 {The decisive intermediate move, overlooked by Black.
Now White obtains the decisive material advantage.} Bxf6 23. Nxh6+ Kf8 24. Rxe1
Rxe1+ 25. Ka2 Kg7 26. Nf5+ Kh8 27. Ne3 1-0

[Event "Hoogovens-B"]
[Site "Wijk aan Zee"]
[Date "1997.01.21"]
[Round "1"]
[White "Riemersma, Liafbern"]
[Black "Janssen, Ruud"]
[Result "1-0"]
[WhiteElo "2435"]
[BlackElo "2350"]
[Annotator "Atlas,V"]
[PlyCount "51"]
[EventDate "1997.01.21"]
[EventType "tourn"]
[EventRounds "11"]
[EventCountry "NED"]
[EventCategory "10"]
[SourceTitle "CBM 057"]
[Source "ChessBase"]
[SourceDate "1997.04.01"]
[SourceVersion "1"]
[SourceVersionDate "1997.04.01"]
[SourceQuality "1"]

1. d4 Nf6 2. c4 e6 3. Nf3 b6 4. a3 Ba6 5. Qc2 Bb7 6. Nc3 c5 7. e4 cxd4 8. Nxd4
Nc6 9. Nxc6 Bxc6 10. Be2 Qb8 (10... d6 11. Bf4 Be7 12. Rd1 Qb8 13. O-O O-O 14.
Rd2 Qb7 15. Bf3 Rad8 16. Rfd1 $14 Qc7 17. Nd5 Bxd5 18. cxd5 $16 {De
Firmian-Schüssler/Thessaloniki ol 1984}) 11. f4 ({This move became especially
popular after the game Lputian,S-Hracek,Z, Erevan 1996. The main alternatives
are:} 11. O-O Qe5 12. Bf3 g5 13. g3 h5 14. Bd2 Bc5 15. Nd5 O-O-O 16. Bc3 Bd4
17. Bxd4 Qxd4 18. Bg2 g4 19. Rfd1 Qe5 20. Nxf6 Qxf6 21. c5 $40 {Farago,
I-Greenfeld,A/Beer-Sheva 1987}) (11. Be3 Bc5 (11... Bd6 12. Bd4 (12. O-O-O Be5
13. Bf3 $5) 12... Be5 13. Rd1 O-O 14. h3 Bxd4 15. Rxd4 Qe5 16. Qd3 Qf4 17. Bf3
Qc1+ 18. Nd1 e5 19. Qd2 Qb1 20. Qd3 Qxd3 21. Rxd3 Nxe4 22. Re3 Nd6 23. Bxc6
dxc6 $17 {Stajcic,N-Wells,P/Budapest FS04 GM (07) ;EXP 46 1995}) 12. Bxc5 bxc5
13. O-O Qe5 14. f3 Rb8 15. Rad1 Nh5 16. Rf2 Nf4 $132 {Christiansen,L-Miles,A/
Linares/1985}) 11... e5 ({The conventional move is} 11... Bc5 {Now after} {
However, the game Lputian,S-Hracek,Z/Erevan 1996, has proved that 11...Bc5
admits a brilliant refutation:} 12. e5 $3 {An astonishing exchange sacrifice
that would't even have crossed the mind of the vast majority of grandmasters.}
(12. Qd3 e5 {Black gets good counterchances:} 13. f5 (13. Rf1 Bd4 14. Bf3 Bxc3+
15. Qxc3 Nxe4 16. Qxe5+ Qxe5 17. fxe5 Nc5 {~~ Dreev,A-Tiviakov,S/Linares 1995})
13... Bd4 14. Nd5 Bxd5 15. cxd5 Qc7 16. Rb1 Rc8 17. Bd2 Qc2 18. Rc1 Qxc1+ 19.
Bxc1 Rxc1+ 20. Bd1 Ke7 $17 {Szabolcsi,J-Almasi,Z/Magyarorszag (ch) 1995}) 12...
Bxg2 13. exf6 Bxh1 14. fxg7 Rg8 15. Qxh7 {White's attack is extremely
dangerous. White easily won after} Ke7 16. Bd2 Qb7 17. O-O-O Rac8 18. f5 f6 19.
Qg6 Qg2 20. Bg4 Bd4 21. fxe6 dxe6 22. Re1 e5 23. Qf5 Qc6 24. Nb5 Qxc4+ 25. Kb1
Rcd8 26. Bb4+ {1-0 Lputian,S-Hracek,Z/Erevan 1996. The text move prevents the
advancement of Pe4, but allows castling, after which White gets a very
dangerous initiative. It seems that the most solid alternative is 12...d6,
though it yields Black a passive position.}) 12. O-O Bc5+ 13. Kh1 Bd4 (13... d6
{deserved attention.}) 14. Bd3 {Threatening Ne2.} Bxc3 $2 (14... exf4 15. Bxf4
Be5 16. Bxe5 Qxe5 17. Rf5 $36) (14... O-O {was to be preferred.}) 15. Qxc3 d6
16. fxe5 dxe5 17. Bg5 Nd7 18. c5 $1 {An excellent breathrough! This sacrifice
is the essential link of White's attacking plan.} f6 ({After} 18... bxc5 {
White has} 19. Rxf7 $3 Kxf7 20. Qc4+ Kg6 21. Qe6+ {, and Black is lost, e. g.:}
Kxg5 (21... Nf6 22. Qf5+ Kf7 23. Bc4+ Kf8 (23... Ke7 24. Qe6+ Kd8 25. Qxc6 $18)
24. Bxf6 Bxe4 25. Qd7 {, and mate is inevitable.}) 22. h4+ (22. Qf5+ Kh6 23.
Qh3+ $11) 22... Kxh4 (22... Kf4 23. Qh3 Bxe4 24. Rf1+ $18) 23. Qf5 $1 $18) ({
An important alternative to the text was also} 18... O-O {, but after} 19. Be7
Re8 20. Bd6 Qb7 {the tematic continuation} 21. Rxf7 $3 {again wins:} Kxf7 22.
Bc4+ Kg6 23. Qg3+ Kh6 24. Rf1 Rf8 (24... Nf6 25. Rf5 $18) 25. Bxf8 Rxf8 26.
Qh4+ Kg6 27. Bf7+ Rxf7 28. Qg4+ Kh6 29. Rxf7 $18) {The text significantly
diminishes the crucial diagonal a2-g8, and Black's position becomes unbearable.
} 19. cxb6 $1 Qxb6 20. Be3 Qb7 21. Rac1 Bxe4 (21... Rc8 {fails to} 22. Qc4) 22.
Bxe4 Qxe4 23. Qb3 $1 {The game is over. All white peaces partake in the final
attack.} Ke7 24. Rfd1 {Threatening 24.Rd7.} Rhd8 25. Rc7 Rab8 26. Bc5+ 1-0

[Event "RUS-ch"]
[Site "Elista"]
[Date "1996.??.??"]
[Round "4"]
[White "Notkin, Maksim"]
[Black "Yemelin, Vasily"]
[Result "1/2-1/2"]
[WhiteElo "2520"]
[BlackElo "2460"]
[Annotator "Atlas,V"]
[PlyCount "49"]
[EventDate "1996.10.15"]
[EventType "swiss"]
[EventRounds "11"]
[EventCountry "RUS"]
[SourceTitle "CBM 056"]
[Source "ChessBase"]
[SourceDate "1997.02.01"]
[SourceVersion "1"]
[SourceVersionDate "1997.02.01"]
[SourceQuality "1"]

1. d4 Nf6 2. c4 e6 3. Nf3 b6 4. a3 Ba6 5. Qc2 Bb7 6. Nc3 c5 7. e4 cxd4 8. Nxd4
d6 9. Be2 Nbd7 10. Be3 a6 11. g4 h6 12. O-O-O g5 ({This provocative move is a
novelty. After} 12... Rc8 13. f4 Qc7 14. Kb1 Nc5 15. Bf3 b5 16. g5 hxg5 17.
fxg5 Nfd7 18. cxb5 {White has good attacking perspectives, Khalifman,
A-Pogorelov,R/Sevilla op 1993.}) 13. h4 Rg8 14. hxg5 hxg5 15. Kb1 Ne5 $5 {
This move allows White to win an sxchange, but yields Black a good
compensation.} (15... Qc7 $6 16. f3 O-O-O 17. Qd2 {><g5}) (15... Be7 $6 16. f3
Nf8 17. Qd2 N6d7 18. Rh5 {, with an unpleasant pressure upon Pg5.}) 16. Bxg5
Rxg5 17. f4 Nfd7 (17... Rg6 18. fxe5 Nxg4 (18... dxe5 $2 19. Nxe6 Qe7 20. Qa4+
$18) 19. Bxg4 Rxg4 20. exd6 $16) 18. fxg5 Qxg5 19. Ka2 Rc8 20. Qa4 {/\Nf3} Kd8
21. Rh5 (21. Rhf1 $5 Qg6 (21... Kc7 $2 22. Rxf7 $18)) 21... Qg6 22. Rh8 Qg7 23.
Rh5 Qg6 24. Rh8 Qg7 25. Rh5 1/2-1/2

[Event "Jakarta Gunadarma"]
[Site "Jakarta"]
[Date "1996.??.??"]
[Round "4"]
[White "Gunawan, Ruben"]
[Black "Sokolov, Ivan"]
[Result "0-1"]
[WhiteElo "2425"]
[BlackElo "2670"]
[Annotator "Atlas,V"]
[PlyCount "64"]
[EventDate "1996.10.15"]
[EventType "tourn"]
[EventRounds "9"]
[EventCountry "INA"]
[EventCategory "13"]
[SourceTitle "CBM 056"]
[Source "ChessBase"]
[SourceDate "1997.02.01"]
[SourceVersion "1"]
[SourceVersionDate "1997.02.01"]
[SourceQuality "1"]

1. Nf3 {Ftacnik} Nf6 2. c4 e6 3. d4 b6 4. a3 Bb7 5. Nc3 d5 6. Qc2 Be7 7. cxd5
exd5 8. g3 O-O 9. Bg2 Nbd7 ({There are two alternative plans here:} 9... c5 10.
O-O Na6 11. Rd1 Nc7 12. Bf4 Ne6 13. Be5 c4 (13... cxd4 14. Nxd4 Ng4 {1/2-1/2
Bilobrk Frano-Jukic Mirko/Cup Croatia 1995}) 14. b3 cxb3 15. Qxb3 Ne4 16. Nxe4
dxe4 17. Nd2 Bd5 18. Qb2 f6 19. Nxe4 g5 20. Rac1 Rf7 21. Qb5 Bxe4 22. Bxe4 fxe5
23. Qxe5 Kf8 24. Bd5 Bf6 25. Qf5 Rb8 26. Rc6 Rbb7 {1-0 Savchenko,S-Muco,F/Bern
op 1995}) ({and} 9... Ne4 10. O-O Nxc3 11. bxc3 Bf6 12. Bf4 Nd7 13. h4 Re8 14.
Nh2 c5 15. e3 Rc8 16. Qf5 g6 17. Qd3 cxd4 18. cxd4 Rc4 19. Ng4 h5 20. Nxf6+ $14
{1/2-1/2 Naumann,A-Taleb,M/Halle WchJ 1995 (58)}) 10. O-O {[#]} Re8 $5 ({
A new idea. The standard plan here is} 10... c5 11. Rd1 Rc8 12. Qf5 g6 13. Qh3
Re8 14. Bg5 c4 15. Ne5 Nf8 16. Bxf6 Bxf6 17. Ng4 Bg7 18. Nh6+ Bxh6 19. Qxh6 a6
{= Tregubov,P-Zagrebelny,S/Alusta 1994. Black postpones thematic c7-c5,
opening the way to g6 for his Nd7.}) 11. Bf4 a6 12. Rfd1 Nf8 13. Rac1 Ng6 14.
Bg5 h6 (14... Ne4 15. Nxe4 dxe4 16. Bxe7 Qxe7 17. Ne5 $14) 15. Bxf6 Bxf6 16.
Ne5 $1 $14 Ne7 17. b4 c5 18. bxc5 bxc5 19. e3 cxd4 20. exd4 Rc8 21. Qb3 Ba8 22.
Bh3 $5 (22. Na4 {/\Nb6, Nc5+/=}) (22. Ng4 $5 Nf5 23. Nxf6+ (23. Nxd5 Bxd4)
23... Qxf6 24. Nxd5 Bxd5 25. Qxd5 $14) 22... Rc7 23. Qa4 (23. Ng4 $142 $1 $14)
23... Nc6 24. f4 $2 (24. Nxd5 {Ftacnik} Qxd5 25. Bg2 Qd6 (25... Qxg2+ 26. Kxg2
Nxe5+ 27. d5 Rce7 28. Qxa6 $14) 26. Nxc6 Rec8 27. d5 $14) 24... Nxe5 $1 25.
dxe5 (25. fxe5 $2 Bg5 26. Rc2 Rc4 {/\Be3-/+}) 25... Be7 26. Bg2 $2 ({The start
of White's serious problems. He had to choose} 26. Nxd5 Rxc1 (26... Bc5+ 27.
Rxc5 Rxc5 28. Nf6+ gxf6 29. Rxd8 Rxd8 30. exf6 $16) 27. Nxe7+ Rxe7 28. Rxc1
Qb6+ $5 (28... Qd5 29. Rc8+ Kh7 30. Qc2+ g6 31. Bg2 Qd4+ 32. Qf2 Qd1+ 33. Qf1
Qd4+ $11) 29. Kf1 Qe3 $44 (29... Bb7 $14 {Ftacnik})) 26... Bc5+ 27. Kh1 ({
After this move White loses by force. The continuation} 27. Kf1 {offered a
trace of resistance.}) (27. Kf1 {Ftacnik} Be3 28. Rc2 d4) 27... Be3 28. Rc2 Qc8
$1 {This excellent continuation forces White's next move, after which White's
position collapses because of manifold pins.} 29. Bxd5 (29. Bxd5) 29... Rd8 {
[%csl Gc2,Yd1,Rh1][%cal Gc8c2,Yd8d1,Ra8h1]} (29... Bxd5+ {Ftacnik} 30. Rxd5 Rc4
$15) 30. Qb3 (30. Qe4 Rxc3 $19) (30. Qb3) (30. Bxa8 {Ftacnik} Qxa8+ 31. Rg2
Rxc3 $19) 30... Rxc3 $1 ({A beautiful sacrifice, leading to the fantastic
final position. More prosaically wins} 30... Rxd5 31. Nxd5 (31. Rxd5 Rxc3 $19)
31... Rxc2 32. Qxe3 Qh3 (32... Qe6 $2 33. Qe4 Rc5 $140 34. Ne7+) 33. Qg1 Qh5
34. g4 Qh3) 31. Rxc3 (31. Qxc3 {Ftacnik} Qg4 $1 32. Kg2 Rxd5 $19) 31... Qxc3 $3
{The desicive blow, revealing Black's cards.} 32. Qxc3 Rxd5 $1 {[%csl Rh1]
[%cal Ra8h1,Ye3g1,Gd5d1] White resigned. The only meaningful way to avoid
immediate mate is to sacrifice the queen for the Ba8 that leads to the
absolutely hopeless ending.} (32... Rxd5 {Ftacnik} 33. Qc8+ Rd8+ 34. Qxa8 Rxa8
$19) 0-1

[Event "EU-Cup 14th final"]
[Site "Belgrade"]
[Date "1999.01.12"]
[Round "2"]
[White "Lputian, Smbat G"]
[Black "Timman, Jan H"]
[Result "0-1"]
[WhiteElo "2614"]
[BlackElo "2649"]
[Annotator "Atlas,V"]
[PlyCount "66"]
[EventDate "1999.01.11"]
[EventType "team-k.o."]
[EventRounds "3"]
[EventCountry "YUG"]
[SourceTitle "EXT 2020"]
[Source "ChessBase"]
[SourceDate "2019.10.17"]
[SourceVersion "1"]
[SourceVersionDate "2019.10.17"]
[SourceQuality "1"]
[WhiteTeam "Sarajevo Bosna"]
[BlackTeam "Breda Panfox"]
[WhiteTeamCountry "BIH"]
[BlackTeamCountry "NED"]

1. d4 Nf6 2. c4 e6 3. Nf3 b6 4. a3 Ba6 5. Qc2 Bb7 6. Nc3 c5 7. e4 cxd4 8. Nxd4
Nc6 9. Nxc6 Bxc6 10. Be2 Qc7 (10... Qb8 $5 11. O-O Qe5 12. Bf3 g5 13. g3 h5
$132 {0-1 Farago,I-Greenfeld,A/Beersheba 1987/CBM 05 (33)}) 11. f4 {Apparently,
a new move in this position. White is going to castle long and to start pawn
assault on the K-side. The text, however, also has some disadvantages: White
weakens diagonal a7-g1 and slows down his development. Furthermore, pawns e4
may potentially become a weakness in White's setup.} (11. Nd5 Bxd5 12. exd5
exd5 13. Bf3 Be7 14. O-O O-O 15. Bg5 Rae8 16. Bxf6 Bxf6 17. Bxd5 {1/2-1/2
Piket,J-Adams,M/Tilburg 1998/EXT 99 (17)}) (11. O-O Be7 12. Be3 {0-1 Mollero,
M-Sebastianelli,D/Torino 1998/CBM 64 ext (50)}) (11. Be3 Bd6 12. Rd1 h5 13. h3
Be5 14. Bd4 Bxd4 15. Rxd4 Qe5 {0-1 Vinas Racionero,J-Agnos,D/Berga 1995/EXT 97
(37)}) 11... Bc5 $1 {Preventing 12.e5.} 12. Bd2 (12. e5 $6 Bxg2 13. exf6 Bxh1
14. fxg7 (14. Nb5 Qd8 15. fxg7 Qh4+ 16. Kd1 Rg8 17. Nc7+ Ke7 18. Nxa8 Rxg7 {-+}
) 14... Rg8 15. Qxh7 O-O-O 16. Nb5 Qb7 17. b4 Be7 18. Bb2 Be4 {and Black gets
an upper hand.}) 12... e5 13. Rf1 Bd4 14. O-O-O O-O 15. g4 exf4 (15... Bxc3
$143 16. Bxc3 Nxe4 (16... Bxe4 17. Qd2 $36) 17. Bxe5 d6 18. Bd4 Rfe8 19. Bd3
Re7 20. Rfe1 Rae8 21. Re3 Qb7) 16. g5 (16. Bxf4 $5 Be5 17. Bxe5 Qxe5 18. Rf5
Qxh2 19. e5 Ne8 20. Rh5 $140 Qf4+ 21. Kb1 g6) 16... Bxc3 17. Bxf4 (17. Bxc3)
17... Be5 (17... Bxe4 $2 18. Qxc3) 18. Bxe5 Qxe5 19. gxf6 Bxe4 (19... Qxe4 20.
Qxe4 Bxe4 21. Rxd7) 20. Bd3 d5 $1 {After this strong move a complicated
endgame soon arises, in which Black's chances are in no way worse.} 21. Bxe4 (
21. fxg7 {represented a reasonable alternative for White. Now} Rfc8 (21... Kxg7
$5 22. Bxe4 dxe4 23. Rd5 Qe6 24. Qc3+ f6 25. Rg5+ Kh8 26. Rgf5 {=}) 22. Bxe4
dxe4 (22... Rxc4 $2 23. Qxc4 dxc4 24. Bxa8 {+-}) (22... Qxe4 23. Qxe4 dxe4 24.
Rd7 Rxc4+ 25. Kd2 {=}) 23. Kb1 Rc7 {would lead to a sharp position with an
unclear outcome.}) 21... dxe4 22. Rd5 ({Once again,} 22. fxg7 {deserved
attention. Cf. the previous annotation.}) 22... Qxd5 23. cxd5 Rac8 24. Rg1 g6
25. Re1 Rfe8 26. Re3 Rxc2+ 27. Kxc2 Re5 $1 28. d6 $6 {It is this advancement
that likely caused White's defeat.} (28. Rc3 {was a stronger continuation:} h5
(28... Kf8 $2 29. Rc8+ Re8 30. Rc7 e3 31. Kd1 e2+ 32. Ke1 {+-}) 29. Rc8+ Kh7
30. Rc7 {and now Black could have tried} Rxd5 (30... e3 31. Rxf7+ Kh6 32. Kd1 (
32. Re7 Rxd5) 32... Rxd5+ 33. Ke2 Rd2+ 34. Kxe3 Rxh2 35. Rxa7 g5 (35... Rxb2 $2
36. Ra8 {+-}) 36. b4 Rh3+ 37. Ke4 Kg6 {=}) 31. Rxf7+ Kh6 32. Rxa7 Rf5 33. f7
Rf2+ 34. Kc3 Kg7 {=+ though White is presumably to hold this position.}) 28...
h5 $1 (28... Kf8 $4 29. d7 Rd5 30. Rc3 {+-}) 29. Re2 ({At this moment} 29. Rc3
{was already late:} Rd5 30. Rc8+ Kh7 31. Rc7 Rxd6 32. Rxf7+ Kh6 33. Rf8 Kg5 34.
f7 Kf6 {and with the king being cut White is helpless against Black's pawns on
the K-side.}) 29... Rc5+ $1 (29... Rd5 $2 30. Rd2 $1 Rc5+ 31. Kd1 Rc8 32. d7 {
+/-}) 30. Kb3 (30. Kd1 e3 $1 {-+}) 30... Rd5 31. Rxe4 Rxd6 32. Rf4 Kh7 33. h4
Kh6 0-1